000 01469nam0a2200301 i 4500
001 RU\NLR\BIBL_A\011362917
005 20240922001659.0
010 _a9785906912367
_9300
021 _aRU
_b2017-16416
_91218
035 _a(RuMoRGB)008819860
035 _a(NLR Aleph) 011362917
090 _a11308025
_c11308025
100 _a20170407d2017 um y0rusy50 ca
101 0 _arus
102 _aRU
105 _ay|||j|||000zy
200 1 _aПроцессуальные документы: особенности составления
_eучебное пособие
_fЕ. Е. Пирогова
_gМосковский гуманитарный университет, Юридический факультет, Кафедра гражданского процесса и социальных отраслей права
210 _aМосква
_cИзд-во Московского гуманитарного университета
_d2017
215 _a81 с.
_d21
320 _aБиблиогр.: с. 60-63
606 1 _aГражданский процесс
_jУчебные издания для высших учебных заведений
_xДокументация
_yРоссийская Федерация
_92166353
_3RU\NLR\AUTH\661303439
686 _aХ629.215я73-1
_2rubbk
686 1 _aХ629.2я73
700 1 _aПирогова
_bЕ. Е.
_gЕлена Евгеньевна
942 _cBOOK
980 _aNBR